A convergence of civilizations , the transformation of muslim societies around the world (Record no. 576484)

000 -LEADER
fixed length control field 00619nam a22001817a 4500
003 - CONTROL NUMBER IDENTIFIER
control field CEME
005 - DATE AND TIME OF LATEST TRANSACTION
control field 20210628204151.0
008 - FIXED-LENGTH DATA ELEMENTS--GENERAL INFORMATION
fixed length control field 210113b xxu||||| |||| 00| 0 eng d
020 ## - INTERNATIONAL STANDARD BOOK NUMBER
International Standard Book Number 9780231150026
040 ## - CATALOGING SOURCE
Transcribing agency ceme
082 ## - DEWEY DECIMAL CLASSIFICATION NUMBER
Classification number 304.60917 COU
100 ## - MAIN ENTRY--PERSONAL NAME
Personal name Courbage, Youssef , Todd, Emmanuel
9 (RLIN) 69072
245 ## - TITLE STATEMENT
Title A convergence of civilizations , the transformation of muslim societies around the world
260 ## - PUBLICATION, DISTRIBUTION, ETC.
Place of publication, distribution, etc. NEW YORK
Name of publisher, distributor, etc. COLUMBIA
Date of publication, distribution, etc. 2007
300 ## - PHYSICAL DESCRIPTION
Extent XV, 134P
650 ## - SUBJECT ADDED ENTRY--TOPICAL TERM
Topical term or geographic name entry element A CONVERGENCE OF CIVILIZATIONS.MUSLIM SOCIETIES AROUND THE WORLD.ISLAMIC COUNTRIES-POPULATION.DEMOGRAPHY.
9 (RLIN) 69073
942 ## - ADDED ENTRY ELEMENTS (KOHA)
Koha item type Book
Source of classification or shelving scheme
Holdings
Withdrawn status Lost status Damaged status Not for loan Permanent Location Current Location Shelving location Date acquired Total Checkouts Full call number Barcode Date last seen Price effective from Koha item type
        College of Electrical & Mechanical Engineering (CEME) College of Electrical & Mechanical Engineering (CEME) General Stacks 08/03/2017   304.60917 COU CEME-46852 06/28/2021 06/28/2021 Book
© 2023 Central Library, National University of Sciences and Technology. All Rights Reserved.